[Event "CRO-ch U19"]
[Site "Vukovar"]
[Date "2013.07.26"]
[Round "7"]
[White "Bertusi, Misel"]
[Black "Srbis, Jurica"]
[Result "0-1"]
[WhiteElo "1988"]
[BlackElo "2355"]
[PlyCount "88"]
[EventDate "2013.07.22"]
[EventType "swiss"]
[EventRounds "9"]
[EventCountry "CRO"]
[SourceTitle "EXT 2014"]
[Source "ChessBase"]
[SourceDate "2013.11.20"]
[SourceVersion "1"]
[SourceVersionDate "2013.11.20"]
[SourceQuality "1"]

1. e4 e5 2. Nf3 Nc6 3. d4 exd4 4. Nxd4 Bc5 5. Be3 Qf6 6. c3 Nge7 7. Be2 0-0 8. 0-0 d5 9. Bf3 Ne5 10. Nd2 Nxf3+ 11. Qxf3 Qxf3 12. gxf3 Bh3 13. Rfd1 Bb6 14. c4 dxe4 15. Nxe4 f5 16. Ng5 f4 17. Bc1 Rad8 18. Nxh3 Bxd4 19. Bxf4 c5 20. Bg5 Rd7 21. Nf4 Rf5 22. Ne6 Kf7 23. Re1 Nc6 24. Bf4 Bxb2 25. Rab1 Bf6 26. Bg3 b6 27. Kg2 Ne5 28. Nf4 Nxc4 29. Rbd1 Rxd1 30. Rxd1 Bd4 31. Nd3 Rd5 32. f4 Kf6 33. Ne5 Nb2 34. Re1 Bxe5 35. fxe5+ Ke6 36. Re4 c4 37. f4 g6 38. f5+ gxf5 39. Rh4 Rd7 40. Rh6+ Kd5 41. Rf6 c3 42. e6 Re7 43. Rxf5+ Kxe6 44. Rf2 Kd5 0-1

[Event "CRO-ch U19"]
[Site "Vukovar"]
[Date "2013.07.25"]
[Round "6"]
[White "Bertusi, Misel"]
[Black "Muskardin, Mario"]
[Result "1/2-1/2"]
[WhiteElo "1988"]
[BlackElo "2223"]
[PlyCount "40"]
[EventDate "2013.07.22"]
[EventType "swiss"]
[EventRounds "9"]
[EventCountry "CRO"]
[SourceTitle "EXT 2014"]
[Source "ChessBase"]
[SourceDate "2013.11.20"]
[SourceVersion "1"]
[SourceVersionDate "2013.11.20"]
[SourceQuality "1"]

1. e4 c5 2. Nf3 g6 3. d4 cxd4 4. Nxd4 Bg7 5. c4 Nc6 6. Be3 Nf6 7. Nc3 d6 8. Be2 0-0 9. 0-0 Bd7 10. Kh1 Nxd4 11. Bxd4 Bc6 12. Bd3 Nd7 13. Bxg7 Kxg7 14. f4 Qb6 15. Rb1 a5 16. Bc2 Qc5 17. Qd3 a4 18. Bd1 f6 19. Bg4 Nb6 20. Be6 Bd7 1/2-1/2

[Event "CRO-ch U19"]
[Site "Vukovar"]
[Date "2013.07.23"]
[Round "2"]
[White "Bertusi, Misel"]
[Black "Tomas, Ante"]
[Result "1-0"]
[WhiteElo "1988"]
[BlackElo "1887"]
[PlyCount "125"]
[EventDate "2013.07.22"]
[EventType "swiss"]
[EventRounds "9"]
[EventCountry "CRO"]
[SourceTitle "EXT 2014"]
[Source "ChessBase"]
[SourceDate "2013.11.20"]
[SourceVersion "1"]
[SourceVersionDate "2013.11.20"]
[SourceQuality "1"]

1. e4 Nc6 2. Nf3 f5 3. exf5 d5 4. Bb5 Qd6 5. 0-0 Bxf5 6. d4 Bg4 7. Qd3 Bxf3 8. Qxf3 Nf6 9. c3 g6 10. Bf4 Qd7 11. Nd2 Bg7 12. Nb3 b6 13. c4 0-0 14. Rac1 a6 15. cxd5 axb5 16. dxc6 Qc8 17. Qe2 Rxa2 18. Ra1 Rxa1 19. Rxa1 Nd5 20. Bg3 b4 21. Nd2 Kh8 22. Nf3 Qf5 23. h4 Bf6 24. Qd2 Kg7 25. Re1 h6 26. Ne5 g5 27. Nd7 Ra8 28. Nxf6 exf6 29. hxg5 hxg5 30. Qd1 Rh8 31. f3 Kg6 32. Qb3 Rd8 33. Qd1 Nf4 34. Re4 Nd5 35. Qe1 Qc8 36. Re6 Kf7 37. Re4 Re8 38. Qb1 Qb8 39. Qa2 Rd8 40. Qc4 Qa8 41. Be1 Qa1 42. Qc2 Rd6 43. Kf2 Qa8 44. Re2 Kg7 45. Qb3 Qa1 46. Qc4 Kf7 47. Bd2 Qa4 48. Qd3 Kg7 49. Re1 Qxc6 50. Rh1 f5 51. Qxf5 Rg6 52. Bxg5 Qd6 53. f4 c5 54. Qh3 Kf7 55. Qh8 Rg7 56. Rh6 Qd7 57. Rh7 Kg6 58. Rxg7+ Qxg7 59. Qe8+ Kh7 60. Qe4+ Qg6 61. Qxd5 Qc2+ 62. Kg3 Qd3+ 63. Kh4 1-0

[Event "CRO-chT Cup 22nd"]
[Site "Bol"]
[Date "2013.05.26"]
[Round "6.131"]
[White "Novak, Ivan"]
[Black "Bertusi, Misel"]
[Result "1/2-1/2"]
[WhiteElo "2161"]
[BlackElo "1982"]
[PlyCount "63"]
[EventDate "2013.05.22"]
[EventType "team"]
[EventRounds "6"]
[EventCountry "CRO"]
[SourceTitle "CBM 154 Extra"]
[Source "ChessBase"]
[SourceDate "2013.06.25"]
[SourceVersion "2"]
[SourceVersionDate "2013.06.25"]
[SourceQuality "1"]
[WhiteTeam "Miklavec"]
[BlackTeam "Krizevci"]
[WhiteTeamCountry "CRO"]
[BlackTeamCountry "CRO"]

1. Nf3 d6 2. g3 Nf6 3. Bg2 g6 4. b4 Bg7 5. Bb2 0-0 6. 0-0 c5 7. a3 Qb6 8. Nc3 cxb4 9. Na4 Qd8 10. axb4 Bd7 11. c4 a6 12. d3 Nc6 13. Qb3 b5 14. Nc3 bxc4 15. dxc4 Rb8 16. b5 axb5 17. cxb5 Qb6 18. Qa4 Nd8 19. Nd4 e5 20. Nc2 Ne6 21. Rfd1 Nc5 22. Qa7 Bxb5 23. Qxb6 Rxb6 24. Nxb5 Rxb5 25. Ba3 Rd8 26. Ne3 Nb3 27. Rab1 Nd4 28. Rxb5 Nxb5 29. Bb2 Rb8 30. Nc4 Ne8 31. Bc6 Nec7 32. e3 1/2-1/2

[Event "CRO-chT2 Center 22nd"]
[Site "Sisak"]
[Date "2013.04.28"]
[Round "5.5"]
[White "Medic, Mirjana"]
[Black "Bertusi, Misel"]
[Result "1-0"]
[WhiteElo "2184"]
[BlackElo "2000"]
[PlyCount "83"]
[EventDate "2013.04.14"]
[EventType "team-tourn"]
[EventRounds "11"]
[EventCountry "CRO"]
[SourceTitle "EXT 2016"]
[Source "ChessBase"]
[SourceDate "2015.10.08"]
[SourceVersion "1"]
[SourceVersionDate "2015.10.08"]
[SourceQuality "1"]

1. d4 d5 2. c4 c6 3. Nf3 Nf6 4. Nc3 e6 5. e3 Bd6 6. Bd3 0-0 7. 0-0 Nbd7 8. e4 dxe4 9. Nxe4 Nxe4 10. Bxe4 Nf6 11. Bc2 b6 12. Bg5 Be7 13. Qd3 g6 14. Ne5 Bb7 15. Qf3 Rc8 16. Rfd1 Ne8 17. Bh6 Ng7 18. c5 Rc7 19. Be4 Qa8 20. b4 b5 21. Bc2 Qd8 22. a3 Bg5 23. Bxg5 Qxg5 24. Ng4 f5 25. Ne5 Nh5 26. Bb3 Nf4 27. Nd3 Nd5 28. Bxd5 exd5 29. Re1 Rcc8 30. Re5 Qh4 31. Nf4 Rfe8 32. Rae1 Rxe5 33. Rxe5 Qf6 34. Qe3 Rc7 35. Re8+ Kf7 36. Re6 Qh8 37. Nd3 Qc8 38. Rd6 Re7 39. Ne5+ Kg8 40. Qg5 Qe8 41. h4 Bc8 42. h5 1-0

[Event "CRO-chT U20 22nd"]
[Site "Durdevac"]
[Date "2013.03.27"]
[Round "5"]
[White "Bertusi, Misel"]
[Black "Paleka, Danijel"]
[Result "1/2-1/2"]
[WhiteElo "2000"]
[BlackElo "1800"]
[PlyCount "139"]
[EventDate "2013.03.25"]
[EventType "team-tourn"]
[EventRounds "9"]
[EventCountry "CRO"]
[SourceTitle "CBM 153 Extra"]
[Source "ChessBase"]
[SourceDate "2013.04.22"]
[SourceVersion "1"]
[SourceVersionDate "2013.04.22"]
[SourceQuality "1"]

1. e4 e6 2. d4 d5 3. Nc3 Bb4 4. e5 c5 5. a3 Bxc3+ 6. bxc3 Qa5 7. Bd2 Qa4 8. Be3 c4 9. f4 Nc6 10. Nf3 Bd7 11. Be2 0-0-0 12. Qc1 Nge7 13. Qb2 Rdf8 14. 0-0 f6 15. g3 Nf5 16. Bf2 h5 17. Rfb1 b6 18. Bf1 Rhg8 19. Qc1 Nh6 20. h3 Kc7 21. Be2 Be8 22. Qd1 Nf5 23. h4 Nfe7 24. Nh2 Rh8 25. Nf1 Bg6 26. Rb2 Nf5 27. Bf3 Bf7 28. Kh2 Nfe7 29. Ne3 f5 30. Qc1 g6 31. Be2 Be8 32. Rbb1 Rh7 33. Nd1 Na5 34. Rb4 Qd7 35. Be1 Nec6 36. Rbb1 Nd8 37. Ne3 Qa4 38. Bf3 Qd7 39. a4 Ndb7 40. Bd2 Bf7 41. Qh1 Rb8 42. Rb5 Rhh8 43. Bc1 Rhd8 44. Ba3 Bg8 45. Qc1 Kc8 46. Rbb1 Qc7 47. Qb2 Kd7 48. Qb5+ Qc6 49. Qb4 Re8 50. Qb5 Bf7 51. Rb4 Bg8 52. Qa6 Ra8 53. Rab1 Kc7 54. Qb5 Qd7 55. R4b2 Bf7 56. Be2 Qc6 57. Rb4 Bg8 58. R4b2 Bf7 59. Bb4 Bg8 60. Bxa5 Nxa5 61. Bf3 Qd7 62. Rb4 Qxb5 63. Rxb5 Bf7 64. Nd1 Rab8 65. Be2 Red8 66. Ne3 Be8 67. R5b4 Nc6 68. R4b2 Na5 69. Ra1 Kc6 70. Bf3 1/2-1/2

[Event "Osijek op"]
[Site "Osijek"]
[Date "2013.02.24"]
[Round "7.8"]
[White "Stocko, Josip"]
[Black "Bertusi, Misel"]
[Result "1-0"]
[WhiteElo "2192"]
[BlackElo "1975"]
[PlyCount "99"]
[EventDate "2013.02.21"]
[EventType "swiss"]
[EventRounds "7"]
[EventCountry "CRO"]
[SourceTitle "EXT 2014"]
[Source "ChessBase"]
[SourceDate "2013.11.20"]
[SourceVersion "1"]
[SourceVersionDate "2013.11.20"]
[SourceQuality "1"]

1. e4 d6 2. d4 Nf6 3. Nc3 g6 4. g3 Bg7 5. Bg2 0-0 6. Nge2 Nbd7 7. h3 e5 8. Be3 exd4 9. Nxd4 Re8 10. Qd2 Nb6 11. Bg5 d5 12. 0-0-0 dxe4 13. Qe1 Qe7 14. Nxe4 Nbd5 15. Nxf6+ Bxf6 16. Qxe7 Rxe7 17. Bh6 c6 18. c4 Nc7 19. b3 Be6 20. Bf4 a5 21. Rhe1 a4 22. b4 Na6 23. Nxe6 fxe6 24. Bd6 Rd7 25. a3 Rad8 26. c5 Kf7 27. Bf1 Nc7 28. Bxc7 Rxc7 29. Bc4 Rxd1+ 30. Kxd1 Re7 31. Kc2 Ke8 32. Rxe6 Rxe6 33. Bxe6 Kd8 34. Kb1 Kc7 35. Bg8 h6 36. Bh7 g5 37. Bc2 b6 38. cxb6+ Kxb6 39. Bxa4 Be7 40. Kc2 c5 41. Kc3 Bd6 42. Kc4 cxb4 43. axb4 h5 44. Be8 h4 45. gxh4 gxh4 46. b5 Kc7 47. Kd5 Bf8 48. f4 Kd8 49. Bc6 Bh6 50. Ke5 1-0

[Event "Osijek op"]
[Site "Osijek"]
[Date "2013.02.22"]
[Round "3.12"]
[White "Bertusi, Misel"]
[Black "Kostanjsek, Zorko"]
[Result "1/2-1/2"]
[WhiteElo "1975"]
[BlackElo "2195"]
[PlyCount "60"]
[EventDate "2013.02.21"]
[EventType "swiss"]
[EventRounds "7"]
[EventCountry "CRO"]
[SourceTitle "EXT 2014"]
[Source "ChessBase"]
[SourceDate "2013.11.20"]
[SourceVersion "1"]
[SourceVersionDate "2013.11.20"]
[SourceQuality "1"]

1. e4 d6 2. d4 Nf6 3. Nc3 e5 4. Nf3 Nbd7 5. Bc4 Be7 6. 0-0 0-0 7. a4 c6 8. Bg5 h6 9. Be3 Nxe4 10. Nxe4 d5 11. Nxe5 Nxe5 12. dxe5 dxc4 13. Qh5 Qd5 14. Nc3 Qe6 15. f4 Qg6 16. Qxg6 fxg6 17. h3 Bf5 18. Rac1 h5 19. Ne2 Bd8 20. Kh2 Bb6 21. Nd4 Rfd8 22. Rfd1 Bxd4 23. Bxd4 Rd5 24. Bc3 Rad8 25. Rxd5 Rxd5 26. Kg3 Be4 27. Kf2 h4 28. g3 hxg3+ 29. Kxg3 Kf7 30. h4 Bf5 1/2-1/2

[Event "Osijek op"]
[Site "Osijek"]
[Date "2013.02.21"]
[Round "1.2"]
[White "Drazic, Sinisa"]
[Black "Bertusi, Misel"]
[Result "1-0"]
[WhiteElo "2469"]
[BlackElo "1975"]
[PlyCount "105"]
[EventDate "2013.02.21"]
[EventType "swiss"]
[EventRounds "7"]
[EventCountry "CRO"]
[SourceTitle "EXT 2014"]
[Source "ChessBase"]
[SourceDate "2013.11.20"]
[SourceVersion "1"]
[SourceVersionDate "2013.11.20"]
[SourceQuality "1"]

1. b3 d6 2. d4 Nf6 3. Bb2 g6 4. Nd2 Bg7 5. Ngf3 0-0 6. g3 b6 7. Bg2 Bb7 8. 0-0 Nbd7 9. Ne1 Bxg2 10. Nxg2 Re8 11. e4 e5 12. d5 Nc5 13. Qe2 a5 14. f3 Qd7 15. Nc4 h5 16. Rae1 b5 17. Nce3 b4 18. a4 Qc8 19. Nc4 Ncd7 20. Bc1 Kh7 21. Be3 Bh6 22. Bxh6 Kxh6 23. g4 Kg7 24. Qf2 Qd8 25. g5 Nh7 26. f4 Qe7 27. h4 exf4 28. Nxf4 Ne5 29. Nxe5 dxe5 30. Nd3 Rf8 31. Qc5 Qd6 32. c3 f6 33. cxb4 axb4 34. Rc1 Rac8 35. Qxd6 cxd6 36. Rxc8 Rxc8 37. Rc1 Rd8 38. Rc7+ Kg8 39. gxf6 Nxf6 40. Rc4 Ng4 41. Rxb4 Rf8 42. a5 g5 43. a6 Ra8 44. Rb6 gxh4 45. Nf2 Nf6 46. Rxd6 Kf7 47. b4 Rg8+ 48. Kh1 Ng4 49. Nxg4 hxg4 50. b5 h3 51. a7 Rh8 52. Ra6 Ra8 53. Kh2 1-0

[Event "CRO-ch U19"]
[Site "Topusko"]
[Date "2012.07.23"]
[Round "1"]
[White "Bertusi, Misel"]
[Black "Krsnik, Vedran"]
[Result "1-0"]
[WhiteElo "1950"]
[BlackElo "1681"]
[PlyCount "103"]
[EventDate "2012.??.??"]
[EventType "swiss"]
[EventRounds "9"]
[EventCountry "CRO"]
[SourceTitle "EXT 2013"]
[Source "ChessBase"]
[SourceDate "2012.11.22"]
[SourceVersion "1"]
[SourceVersionDate "2012.11.22"]
[SourceQuality "1"]

1. e4 e5 2. Nf3 Nc6 3. d4 exd4 4. Nxd4 Nxd4 5. Qxd4 d6 6. Nc3 Nf6 7. Bg5 Be7 8. 0-0-0 0-0 9. e5 dxe5 10. Qxe5 Bd6 11. Qd4 Be6 12. Bd3 h6 13. h4 c5 14. Qa4 Qb6 15. Bxf6 gxf6 16. g4 Qb4 17. Qxb4 cxb4 18. Ne4 Bf4+ 19. Kb1 Kg7 20. Rhg1 Rad8 21. g5 fxg5 22. hxg5 hxg5 23. Nxg5 Bxg5 24. Rxg5+ Kf6 25. Rb5 Rd4 26. Rxb7 a5 27. Ra7 Rd5 28. Rh1 Rg8 29. b3 Rgg5 30. f4 Rh5 31. Rf1 Rh2 32. f5 Bxf5 33. Bxf5 Rxf5 34. Rxf7+ Kxf7 35. Rxf5+ Ke6 36. Rxa5 Kd6 37. Rb5 Rh4 38. Kb2 Kc6 39. Rg5 Rf4 40. a3 Kb6 41. axb4 Rxb4 42. Ka3 Re4 43. c4 Re8 44. Kb4 Rc8 45. Rg6+ Kb7 46. c5 Ka7 47. Kc4 Kb7 48. b4 Rd8 49. Kb5 Rc8 50. Rg7+ Ka8 51. c6 Kb8 52. Kb6 1-0

[Event "CRO-ch U17"]
[Site "Topusko"]
[Date "2011.07.26"]
[Round "4"]
[White "Bertusi, Misel"]
[Black "Rodic, Marjan"]
[Result "1-0"]
[WhiteElo "1923"]
[BlackElo "1744"]
[PlyCount "21"]
[EventDate "2011.07.24"]
[EventType "swiss"]
[EventRounds "9"]
[EventCountry "CRO"]
[SourceTitle "EXT 2012"]
[Source "ChessBase"]
[SourceDate "2011.11.24"]
[SourceVersion "1"]
[SourceVersionDate "2011.11.24"]
[SourceQuality "1"]

1. e4 e5 2. Nf3 Nc6 3. d4 exd4 4. Nxd4 Qh4 5. Qd3 Ne5 6. Qe2 Nf6 7. Nd2 d5 8. g3 Qg4 9. f3 Qg6 10. exd5 Bd6 11. f4 1-0

[Event "CRO-chT2 Center"]
[Site "Zagreb"]
[Date "2010.10.10"]
[Round "7.42"]
[White "Bilic, Mario"]
[Black "Bertusi, Misel"]
[Result "1-0"]
[WhiteElo "2363"]
[BlackElo "1861"]
[PlyCount "73"]
[EventDate "2010.03.21"]
[EventType "team-tourn"]
[EventRounds "11"]
[EventCountry "CRO"]
[SourceTitle "EXT 2012"]
[Source "ChessBase"]
[SourceDate "2011.11.24"]
[SourceVersion "1"]
[SourceVersionDate "2011.11.24"]
[SourceQuality "1"]

1. e4 c6 2. d4 d5 3. Nc3 dxe4 4. Nxe4 Bf5 5. Ng3 Bg6 6. Nf3 e6 7. h4 h6 8. h5 Bh7 9. Bd3 Bxd3 10. Qxd3 Nf6 11. Bf4 Bd6 12. Ne5 Qc7 13. Ne4 Nxe4 14. Qxe4 Nd7 15. 0-0-0 Nf6 16. Qe2 Qa5 17. Kb1 Be7 18. g4 Nd5 19. Bd2 Qb6 20. c4 Nf6 21. Bc3 Bb4 22. c5 Qa5 23. Nc4 Qc7 24. Nd6+ Kf8 25. Bxb4 Nd5 26. Bd2 b6 27. Rh3 bxc5 28. dxc5 Rb8 29. Rf3 Nf6 30. Bc3 Qe7 31. Qe5 Rd8 32. Rxf6 gxf6 33. Qxf6 Rh7 34. Rd3 Rd7 35. Rf3 Qxf6 36. Bxf6 a6 37. Rb3 1-0

[Event "CRO-chT2 Center"]
[Site "Zagreb"]
[Date "2010.03.28"]
[Round "4.23"]
[White "Blagojevic, Marijan"]
[Black "Bertusi, Misel"]
[Result "1/2-1/2"]
[WhiteElo "2127"]
[BlackElo "1861"]
[PlyCount "109"]
[EventDate "2010.03.21"]
[EventType "team-tourn"]
[EventRounds "11"]
[EventCountry "CRO"]
[SourceTitle "EXT 2012"]
[Source "ChessBase"]
[SourceDate "2011.11.24"]
[SourceVersion "1"]
[SourceVersionDate "2011.11.24"]
[SourceQuality "1"]

1. d4 d5 2. c4 e6 3. Nf3 Nf6 4. Bg5 Be7 5. e3 h6 6. Bh4 c6 7. Nc3 Nbd7 8. Rc1 dxc4 9. Bxc4 Nb6 10. Bd3 Nbd5 11. 0-0 Qa5 12. Qe2 Nxc3 13. bxc3 Nd5 14. Bxe7 Nxe7 15. Ne5 Nd5 16. c4 Nf6 17. c5 Qd8 18. Rb1 Qe7 19. Rb3 0-0 20. Rfb1 Ne8 21. Bc2 Qf6 22. Qd3 g6 23. a4 Nc7 24. h4 h5 25. g3 a5 26. Kg2 Na6 27. g4 Nxc5 28. Qe2 Nxb3 29. Rxb3 b5 30. gxh5 bxa4 31. Rb1 c5 32. Be4 Ra7 33. Qg4 cxd4 34. exd4 a3 35. f3 a2 36. Rg1 a1Q 37. Rxa1 Bb7 38. Nd7 Qxd4 39. hxg6 Bxe4 40. gxf7+ Kxf7 41. Qh5+ Ke7 42. Nxf8 Qb2+ 43. Kg3 Kxf8 44. Qc5+ Re7 45. Rxa5 Qg7+ 46. Kf2 Qf6 47. Qc8+ Kf7 48. Rg5 Qxf3+ 49. Kg1 Qh1+ 50. Kf2 Qf3+ 51. Kg1 Qe3+ 52. Kf1 Bd3+ 53. Kg2 Be4+ 54. Kf1 Bd3+ 55. Kg2 1/2-1/2

[Event "CRO-ch U15"]
[Site "Novi Vinodolski"]
[Date "2009.06.25"]
[Round "8"]
[White "Bertusi, Misel"]
[Black "Srbis, Jurica"]
[Result "0-1"]
[WhiteElo "1838"]
[BlackElo "2244"]
[PlyCount "74"]
[EventDate "2009.06.21"]
[EventType "swiss"]
[EventRounds "9"]
[EventCountry "CRO"]
[SourceTitle "EXT 2011"]
[Source "ChessBase"]
[SourceDate "2010.11.26"]
[SourceVersion "1"]
[SourceVersionDate "2010.11.26"]
[SourceQuality "1"]

1. e4 e5 2. Nf3 Nc6 3. d4 exd4 4. Nxd4 Nf6 5. Nxc6 bxc6 6. e5 Qe7 7. Qe2 Nd5 8. c4 Nb6 9. b3 g6 10. Bb2 Bg7 11. Nd2 0-0 12. 0-0-0 Re8 13. f4 d5 14. cxd5 cxd5 15. g4 Rb8 16. h4 Qb4 17. Qf3 Bb7 18. Qf2 c5 19. Rh3 d4 20. Nc4 Nxc4 21. Bxc4 Rbd8 22. f5 Bd5 23. Bxd5 Rxd5 24. e6 gxf5 25. exf7+ Kxf7 26. Rf3 Qb7 27. Rxf5+ Rxf5 28. Qxf5+ Kg8 29. Rf1 Kh8 30. g5 Qa6 31. Rg1 c4 32. bxc4 Qxc4+ 33. Kb1 Rb8 34. Qc2 Qxc2+ 35. Kxc2 d3+ 36. Kxd3 Rxb2 37. Rc1 Kg8 0-1

[Event "CRO-ch U15"]
[Site "Novi Vinodolski"]
[Date "2009.06.23"]
[Round "5"]
[White "Havas, Juraj"]
[Black "Bertusi, Misel"]
[Result "1/2-1/2"]
[WhiteElo "1952"]
[BlackElo "1838"]
[PlyCount "61"]
[EventDate "2009.06.21"]
[EventType "swiss"]
[EventRounds "9"]
[EventCountry "CRO"]
[SourceTitle "EXT 2011"]
[Source "ChessBase"]
[SourceDate "2010.11.26"]
[SourceVersion "1"]
[SourceVersionDate "2010.11.26"]
[SourceQuality "1"]

1. d4 d5 2. c4 c6 3. Nc3 Nf6 4. Nf3 Bf5 5. cxd5 cxd5 6. Qb3 Qb6 7. Nxd5 Nxd5 8. Qxd5 e6 9. Qb3 Qxb3 10. axb3 Bc2 11. e3 Bxb3 12. Bb5+ Nc6 13. Ne5 Bd5 14. f3 Bb4+ 15. Bd2 Bxd2+ 16. Kxd2 Ke7 17. Nd3 a6 18. Ba4 Na5 19. e4 Bc4 20. b4 Nc6 21. Bxc6 bxc6 22. Rhc1 Bb5 23. Nc5 Rhd8 24. Ke3 f6 25. f4 Ra7 26. Ra3 Rda8 27. Nb3 Rd8 28. Na5 Rad7 29. Nxc6+ Bxc6 30. Rxc6 Rxd4 31. Rcxa6 1/2-1/2

[Event "CRO-ch U16"]
[Site "Sibenik"]
[Date "2008.06.27"]
[Round "8.5"]
[White "Blazeka, Damjan"]
[Black "Bertusi, Misel"]
[Result "1/2-1/2"]
[WhiteElo "1947"]
[BlackElo "1843"]
[PlyCount "57"]
[EventDate "2008.06.23"]
[EventType "swiss"]
[EventRounds "9"]
[EventCountry "CRO"]
[SourceTitle "CBM 125 Extra"]
[Source "ChessBase"]
[SourceDate "2008.09.01"]
[SourceVersion "1"]
[SourceVersionDate "2008.09.01"]
[SourceQuality "1"]

1. e4 d6 2. d4 Nf6 3. Nc3 g6 4. f3 Bg7 5. Be3 c6 6. g4 Nbd7 7. Qd2 b5 8. g5 Ng8 9. Nge2 Qa5 10. Ng3 Rb8 11. Nd1 Qxd2+ 12. Kxd2 Nb6 13. Nf2 Be6 14. b3 a6 15. Rc1 d5 16. e5 h5 17. h4 Bd7 18. Nd3 e6 19. Ke2 Ne7 20. Bd2 Bf8 21. Nc5 Bc8 22. Nd3 Bd7 23. Kf2 Bc8 24. Be2 Bd7 25. Nb2 Bc8 26. Rb1 Bd7 27. c4 Bc8 28. Rhc1 Nd7 29. a4 1/2-1/2

[Event "CRO-ch U16"]
[Site "Sibenik"]
[Date "2008.06.26"]
[Round "7.4"]
[White "Bertusi, Misel"]
[Black "Jambrusic, Zvonimir"]
[Result "1/2-1/2"]
[WhiteElo "1843"]
[BlackElo "1930"]
[PlyCount "31"]
[EventDate "2008.06.23"]
[EventType "swiss"]
[EventRounds "9"]
[EventCountry "CRO"]
[SourceTitle "CBM 125 Extra"]
[Source "ChessBase"]
[SourceDate "2008.09.01"]
[SourceVersion "1"]
[SourceVersionDate "2008.09.01"]
[SourceQuality "1"]

1. e4 c6 2. d4 d5 3. Nc3 dxe4 4. Nxe4 Bf5 5. Ng3 Bg6 6. h4 h6 7. Nf3 Nf6 8. h5 Bh7 9. Bd3 Bxd3 10. Qxd3 e6 11. Bf4 Bd6 12. Bxd6 Qxd6 13. 0-0-0 Nbd7 14. Kb1 0-0-0 15. c4 Kb8 16. b3 1/2-1/2

[Event "CRO-ch U16"]
[Site "Sibenik"]
[Date "2008.06.25"]
[Round "5.2"]
[White "Bertusi, Misel"]
[Black "Havas, Juraj"]
[Result "0-1"]
[WhiteElo "1843"]
[BlackElo "1914"]
[PlyCount "96"]
[EventDate "2008.06.23"]
[EventType "swiss"]
[EventRounds "9"]
[EventCountry "CRO"]
[SourceTitle "CBM 125 Extra"]
[Source "ChessBase"]
[SourceDate "2008.09.01"]
[SourceVersion "1"]
[SourceVersionDate "2008.09.01"]
[SourceQuality "1"]

1. e4 c5 2. Nf3 Nc6 3. d4 cxd4 4. Nxd4 Nf6 5. Nc3 e5 6. Ndb5 d6 7. Bg5 a6 8. Na3 Be6 9. Nd5 Bxd5 10. exd5 Qa5+ 11. c3 Qxd5 12. Qxd5 Nxd5 13. Bd3 Be7 14. Bxe7 Kxe7 15. 0-0 Nc7 16. Rad1 Rad8 17. Rfe1 f6 18. f3 Nb8 19. Nc2 g6 20. g4 Nd7 21. Re2 Nc5 22. Red2 Nxd3 23. Rxd3 Rd7 24. c4 Rhd8 25. Ne3 Ke6 26. b3 f5 27. gxf5+ gxf5 28. Kf2 b5 29. Nd5 bxc4 30. bxc4 Nxd5 31. Rxd5 Rc8 32. Ra5 Rxc4 33. Rxa6 Rc2+ 34. Kg1 e4 35. fxe4 fxe4 36. Re1 Ke5 37. Ra8 Rg7+ 38. Kh1 d5 39. a4 Rgg2 40. a5 Rxh2+ 41. Kg1 Rcg2+ 42. Kf1 Rh1+ 43. Kxg2 Rxe1 44. a6 Ra1 45. Kf2 Kd4 46. a7 Ra2+ 47. Ke1 Ke3 48. Kf1 d4 0-1

[Event "Wch U14"]
[Site "Kemer"]
[Date "2007.11.25"]
[Round "8"]
[White "Kazantzidis, Ilias"]
[Black "Bertusi, Misel"]
[Result "1-0"]
[WhiteElo "2111"]
[BlackElo "1839"]
[PlyCount "55"]
[EventDate "2007.11.18"]
[EventType "swiss"]
[EventRounds "11"]
[EventCountry "TUR"]
[SourceTitle "CBM 121 Extra"]
[Source "ChessBase"]
[SourceDate "2008.01.10"]
[SourceVersion "1"]
[SourceVersionDate "2008.01.10"]
[SourceQuality "1"]

1. d4 d5 2. c4 e6 3. Nc3 Nf6 4. Bg5 c6 5. e3 Be7 6. Bd3 Nbd7 7. cxd5 exd5 8. Nf3 0-0 9. Qc2 Re8 10. 0-0 Nf8 11. Rab1 a5 12. a3 Ng6 13. Bxf6 Bxf6 14. b4 axb4 15. axb4 Bg4 16. Nd2 Qd7 17. Na4 Bd8 18. b5 Nh4 19. Rfc1 Ba5 20. bxc6 bxc6 21. Nb6 Qe6 22. Nxa8 Bxd2 23. Nc7 Qd7 24. Qxc6 Bxc1 25. Qxd7 Bxd7 26. Nxe8 Bxe8 27. Rxc1 Ng6 28. Rc8 1-0